Kraje z najdłuższą obowiązkową służbą wojskową - Statystyki

Ogólne statystyki
  • Ten quiz został rozwiązany 328 razy
  • Średni wynik to 4 z 8
Statystyki odpowiedzi
Długość służby Kraj % Poprawnych
120 miesięcy Korea Północna
93%
21 miesięcy Korea Południowa
72%
24 miesiące Iran
63%
32 miesiące Izrael
61%
12 miesięcy Turcja
37%
36 miesięcy Egipt
36%
4 miesiące Tajwan
27%
18 miesięcy Erytrea
13%
Nie znaleziono quizów pasujących do podanych kryteriów
Rozkład punktacji
Procent ludzi z każdym wynikiem
Percentyl według liczby udzielonych odpowiedzi
Twoja historia wyników
Nie rozwiązałeś tego quizu